000 00408nam a2200133 i 4500
001 bg
245 0 0 _aKonferencja naukowa nt.Połączenia w konstrukcjach metalowych oraz konstrukcje metalowe.
_nT.1.
246 _aPołączenia w konstrukcjach metalowych oraz konstrukcje metalowe
260 _aOlsztyn,
_c1983.
040 _cBPK
041 _apol
942 _cKS
008 s pl f |000 0 pol
999 _c28564
_d28564
856 _uhttp://koha.tu.koszalin.pl/cgi-bin/koha/opac-detail.pl?biblionumber=28564
_yKatalog online BPK